<?xml version="1.0" encoding="UTF-8"?><?xml-stylesheet type="text/xsl" href="static/style.xsl"?><OAI-PMH xmlns="http://www.openarchives.org/OAI/2.0/" xmlns:xsi="http://www.w3.org/2001/XMLSchema-instance" xsi:schemaLocation="http://www.openarchives.org/OAI/2.0/ http://www.openarchives.org/OAI/2.0/OAI-PMH.xsd"><responseDate>2026-04-13T07:29:46Z</responseDate><request verb="GetRecord" identifier="oai:www.recercat.cat:2072/391356" metadataPrefix="marc">https://recercat.cat/oai/request</request><GetRecord><record><header><identifier>oai:recercat.cat:2072/391356</identifier><datestamp>2026-04-10T21:19:15Z</datestamp><setSpec>com_2072_98</setSpec><setSpec>col_2072_378192</setSpec></header><metadata><record xmlns="http://www.loc.gov/MARC21/slim" xmlns:dcterms="http://purl.org/dc/terms/" xmlns:xsi="http://www.w3.org/2001/XMLSchema-instance" xmlns:doc="http://www.lyncode.com/xoai" xsi:schemaLocation="http://www.loc.gov/MARC21/slim http://www.loc.gov/standards/marcxml/schema/MARC21slim.xsd">
   <leader>00925njm 22002777a 4500</leader>
   <datafield ind2=" " ind1=" " tag="042">
      <subfield code="a">dc</subfield>
   </datafield>
   <datafield ind2=" " ind1=" " tag="720">
      <subfield code="a">Callejo, Javier</subfield>
      <subfield code="e">author</subfield>
   </datafield>
   <datafield ind2=" " ind1=" " tag="260">
      <subfield code="c">2010</subfield>
   </datafield>
   <datafield ind2=" " ind1=" " tag="520">
      <subfield code="a">L'article que es desenvolupa a continuació té com a finalitat principal mostrar la connexió entre una àmplia vivència en clau del risc experimentat en relació amb el menjar dins les societats occidentals i, alhora, un marc general de confiança dels diferents agents i institucions (administracions públiques, indústria, distribuïdors, experts, etc.) que treballen en el consum alimentari. A partir d'aquí, s'intenta respondre una pregunta: com es genera la confiança en l'alimentació dins les societats modernes? Malgrat l'eterna por humana vers el menjar, l'augment constant de nous productes desconeguts per la pròpia cultura i les repetides crisis alimentàries, el consumidor confia i recupera contínuament la confiança. És a dir, malgrat l'augment de la sensació de risc, hi ha una confiança general. Així doncs, s'intenta reflexionar sobre les característiques d'aquest procés de confiança i, especialment, sobre el procés de recuperar-la.</subfield>
   </datafield>
   <datafield ind2=" " ind1=" " tag="520">
      <subfield code="a">The main goal of this article is to demonstrate the link between the widely experienced risk related to food in Western societies and, at the same time, a broad confidence in the various players and institutions of food consumption (government, industry, distributors, experts, etc.). Thereafter, the article tries to answer the question: how is confidence in food generated in modern societies? Despite the eternal fear concerning human food, the constant increase of new products unknown to one's own culture and recurrent food crises, the consumer confides and continuously recovers confidence, which means that although the sensation of risk increases, there is some general confidence. Therefore, the intention is to reflect on the characteristics of this confidence process, and especially about the process of recovering it.</subfield>
   </datafield>
   <datafield tag="653" ind2=" " ind1=" ">
      <subfield code="a">Confiança social</subfield>
   </datafield>
   <datafield tag="653" ind2=" " ind1=" ">
      <subfield code="a">Crisis alimentàries</subfield>
   </datafield>
   <datafield tag="653" ind2=" " ind1=" ">
      <subfield code="a">Sociologia del risc</subfield>
   </datafield>
   <datafield tag="653" ind2=" " ind1=" ">
      <subfield code="a">Social confidence</subfield>
   </datafield>
   <datafield tag="653" ind2=" " ind1=" ">
      <subfield code="a">Food crises</subfield>
   </datafield>
   <datafield tag="653" ind2=" " ind1=" ">
      <subfield code="a">Risk sociology</subfield>
   </datafield>
   <datafield ind2="0" ind1="0" tag="245">
      <subfield code="a">La confiança en l'alimentació dins les societats modernes</subfield>
   </datafield>
</record></metadata></record></GetRecord></OAI-PMH>